| Tag |
First Indicator |
Second Indicator |
Subfields |
| LEADER |
00000cam a22000008a 4500 |
| 001 |
in00000023767 |
| 005 |
20151007054324.0 |
| 008 |
871216s19881987nyu 00011 eng |
| 010 |
|
|
|a 87033498
|
| 020 |
|
|
|a 0689119518
|
| 035 |
|
|
|a (OCoLC)17297564
|
| 035 |
|
|
|9 AAB4685AM
|
| 040 |
|
|
|a DLC
|c DLC
|d TXA
|d UtOrBLW
|
| 049 |
|
|
|a TXAM
|c [A11521503]
|
| 050 |
0 |
0 |
|a PS3566.L257
|b N38 1988
|
| 082 |
0 |
|
|a 813/.54
|2 19
|
| 100 |
1 |
|
|a Plante, David.
|
| 245 |
1 |
4 |
|a The native /
|c David Plante.
|
| 263 |
|
|
|a 8804
|
| 264 |
|
1 |
|a New York :
|b Atheneum,
|c 1988
|
| 264 |
|
4 |
|c ©1987
|
| 300 |
|
|
|a 122 pages
|
| 336 |
|
|
|a text
|b txt
|2 rdacontent
|
| 337 |
|
|
|a unmediated
|b n
|2 rdamedia
|
| 338 |
|
|
|a volume
|b nc
|2 rdacarrier
|
| 999 |
|
|
|a MARS
|
| 999 |
f |
f |
|s 69e39160-7b85-3f29-9d4b-0981c9010e20
|i 4e6fb1a2-5826-332b-b7ae-cfe1611baeb9
|t 0
|
| 952 |
f |
f |
|p ric
|a Texas A&M University
|b Rellis Campus
|c Joint Library Facility
|d Remote Storage
|t 0
|e PS3566.L257 N38 1988
|h Library of Congress classification
|i unmediated -- volume
|m A14811521503
|
| 998 |
f |
f |
|a PS3566.L257 N38 1988
|t 0
|l Remote Storage
|